000 00551nam a22002057a 4500
999 _c2458
_d2458
003 AR-CdUCM
008 190304b ||||| |||| 00| 0 spa d
040 _aMUNICIPALIDAD PROVINCIAL DEL CUSCO
_cBIBLIOTECA MUNICIPAL DEL CUSCO
041 _hfre
082 _a848.9 /
_bM19
100 _aMalraux, André
_98794
245 _aAntimemorias /
260 _aBuenos Aires :
_bEdit. Sur,
_c1978.
300 _a571 páginas
_c20 cm.
650 _aNovela
_95
650 _aFrances
_98795
650 _aLiteratura
_983
942 _2ddc
_cLIBROS
945 _admma